000 01986nam a2200481 i 4500
001 50843
003 ES-MaCES
005 20210730120116.0
008 180704s2018 sp l 100 | spa d
017 _aV 17266-2018
_bDL
020 _a9788416668557
040 _aES-MaCES
_bspa
_cES-MaCES
110 2 _940043
_aAsociación Española de Derecho del Trabajo y de la Seguridad Social
_bCongreso Anual
_n28º
_d2018
_cSantiago de Compostela
245 1 0 _aDescentralización productiva
_b: nuevas formas de trabajo y organización empresarial
_cXXVIII Congreso Nacional de Derecho del Trabajo y de Seguridad Social, [de la] Asociación Española de Derecho del Trabajo y de la Seguridad Social Santiago de Compostela, 31 de mayo y 1 de jun. de 2018
250 _a1ª ed
260 _aMadrid
_bCinca
_c2018
300 _a378 p.
_c24 cm
_e1 CD-ROM
490 1 _aColección Estudios laborales
_v24
541 _cCompra
650 4 _areestructuración empresarial
_930602
650 4 _aorganización del trabajo
_929209
650 4 _aorganización de la empresa
_928193
650 4 _asubcontratación
_928256
650 4 _acontrata
_929009
650 4 _atrabajo subcontratado
_928310
650 4 _aempresa
_928178
650 4 _asector terciario
_927947
650 4 _aempresa de trabajo temporal
_929837
650 4 _atrabajador de los servicios
_930112
650 4 _aderechos de los trabajadores
_929924
650 4 _anegociación colectiva
_928362
650 4 _aconvenio colectivo
_928361
650 4 _aresponsabilidad del empleador
_930146
650 4 _aderecho del trabajo
_927165
650 4 _aEspaña
_926964
650 4 _aconferencia
_927013
650 4 _aCD ROM
_930331
653 1 0 _aDerecho del trabajo y Seguridad Social
787 0 _tLas reformas del Derecho del Trabajo en el contexto de la crisis económica
_w(ES-MaCES)44155
830 0 _aColección Estudios laborales (Ediciones Cinca)
_934069
_v24
902 _aLIB Libro
942 _2CES
_cBK
_h6.0.1.
999 _c50843
_d50843